[Event "Benidorm 2006 - sub2300"]
[Site "Benidorm ESP"]
[Date "2006.12.08"]
[Round "8.7"]
[White "Estrada Martinez, Cesar"]
[Black "Urukalovic, Roman"]
[Result "0-1"]
[WhiteElo "2167"]
[BlackElo "2289"]
[PlyCount "61"]
[EventDate "2006.12.01"]
[EventType "swiss"]
[EventRounds "9"]
[EventCountry "ESP"]
[Source "lmi"]
[SourceDate "2006.12.01"]

1. Nf3 Nf6 2. c4 g6 3. d4 Bg7 4. Nc3 O-O 5. g3 c5 6. d5 d6 7. Bg2 e6 8. O-O
exd5 9. Nxd5 Nxd5 10. Qxd5 Nc6 11. Bg5 Qb6 12. Qxd6 Qxb2 13. e4 Qc2 14. Rac1
Qxe4 15. Qxc5 Qe2 16. a4 Qa2 17. Bf4 Qxa4 18. Ne5 Qa5 19. Qxa5 Nxa5 20. Nd3 Be6
21. c5 Rac8 22. Bd6 Rfd8 23. Nf4 Bc4 24. Rfe1 Bf8 25. Bxf8 Rxf8 26. Re5 b5 27.
Bh3 Rc7 28. Bf1 Bxf1 29. Rxf1 Nc4 30. Re2 Rxc5 31. Ra2 0-1

[Event "Benidorm 2006 - sub2300"]
[Site "Benidorm ESP"]
[Date "2006.12.08"]
[Round "8.8"]
[White "Peña, Alfredo"]
[Black "Ballesteros Gonzalez, David"]
[Result "1/2-1/2"]
[WhiteElo "2274"]
[BlackElo "2217"]
[PlyCount "80"]
[EventDate "2006.12.01"]
[EventType "swiss"]
[EventRounds "9"]
[EventCountry "ESP"]
[Source "lmi"]
[SourceDate "2006.12.01"]

1. e4 g6 2. d4 d6 3. f4 c6 4. Nf3 d5 5. Nc3 Bg7 6. Be2 Bg4 7. Be3 e6 8. Qd2 Ne7
9. O-O-O Nd7 10. h3 Bxf3 11. Bxf3 Qa5 12. g4 Nb6 13. b3 dxe4 14. Bxe4 Nbd5 15.
Nxd5 Qxd2+ 16. Kxd2 Nxd5 17. f5 Nxe3 18. Kxe3 exf5 19. gxf5 O-O-O 20. c3 Rhe8
21. Kf3 Rd6 22. Bc2 Rd7 23. Rhe1 Rxe1 24. Rxe1 c5 25. dxc5 Bxc3 26. Re8+ Kc7
27. Ra8 Bb4 28. Rh8 Bxc5 29. Rxh7 gxf5 30. Bxf5 Re7 31. h4 Kd6 32. Be4 b6 33.
Rg7 Bd4 34. Rg8 Bb2 35. Rd8+ Ke6 36. h5 Bc1 37. Rc8 Bd2 38. Rc2 Rd7 39. Rc6+
Ke5 40. Rc8 Kf6 1/2-1/2

[Event "Benidorm 2006 - sub2300"]
[Site "Benidorm ESP"]
[Date "2006.12.08"]
[Round "8.9"]
[White "Lacrosse, Marc"]
[Black "Madina, Martin"]
[Result "0-1"]
[WhiteElo "2238"]
[BlackElo "2262"]
[PlyCount "76"]
[EventDate "2006.12.01"]
[EventType "swiss"]
[EventRounds "9"]
[EventCountry "ESP"]
[Source "lmi"]
[SourceDate "2006.12.01"]

1. d4 Nf6 2. c4 d6 3. Nc3 Nbd7 4. e4 e5 5. Nf3 Be7 6. Be2 O-O 7. O-O c6 8. Rb1
a5 9. b3 Re8 10. Qc2 Qc7 11. a3 Nf8 12. d5 cxd5 13. Nb5 Qc6 14. exd5 Nxd5 15.
Nfd4 exd4 16. Bf3 Be6 17. Qd3 Qd7 18. Bxd5 Bxd5 19. cxd5 Rac8 20. a4 Rc5 21.
Qf3 Ng6 22. Ba3 Nh4 23. Qd3 Rxd5 24. f4 Qc6 25. Rf2 Bf6 26. Rc1 Rc5 27. Bxc5
dxc5 28. Re2 Re3 29. Qd2 h5 30. Rf1 b6 31. Rxe3 dxe3 32. Qe2 g6 33. g3 Nf5 34.
Qd3 h4 35. g4 h3 36. Qe2 Nd4 37. Nxd4 cxd4 38. g5 d3 0-1

[Event "Benidorm 2006 - sub2300"]
[Site "Benidorm ESP"]
[Date "2006.12.08"]
[Round "8.10"]
[White "Martin Perez, Javier"]
[Black "Sanchez Botella, Luis Javier"]
[Result "0-1"]
[WhiteElo "2280"]
[BlackElo "2210"]
[PlyCount "70"]
[EventDate "2006.12.01"]
[EventType "swiss"]
[EventRounds "9"]
[EventCountry "ESP"]
[Source "lmi"]
[SourceDate "2006.12.01"]

1. e4 c5 2. Nf3 Nc6 3. d4 cxd4 4. Nxd4 Nf6 5. Nc3 e5 6. Ndb5 d6 7. Bg5 a6 8.
Na3 b5 9. Bxf6 gxf6 10. Nd5 f5 11. Bd3 Be6 12. Qh5 Rg8 13. O-O f4 14. h3 Rg5
15. Nc7+ Kd7 16. Nxe6 fxe6 17. Qxh7+ Be7 18. Rfd1 Qf8 19. Bxb5 axb5 20. Nxb5
Rg7 21. Qh5 f3 22. g3 Qf4 23. Kh2 Qxe4 24. Rd3 Rf8 25. Nc3 Qh7 26. Qxh7 Rxh7
27. Ne4 Rfh8 28. h4 Bxh4 29. Rxd6+ Kc7 30. gxh4 Rxh4+ 31. Kg3 Rxe4 32. Rd3 Nd4
33. Re3 Rg8+ 34. Kh3 Rf4 35. Rae1 Nf5 0-1

[Event "Benidorm 2006 - sub2300"]
[Site "Benidorm ESP"]
[Date "2006.12.09"]
[Round "9.1"]
[White "Zuluaga, Cesar"]
[Black "Salgado Allaria, Carlos"]
[Result "0-1"]
[WhiteElo "2278"]
[BlackElo "2288"]
[PlyCount "106"]
[EventDate "2006.12.01"]
[EventType "swiss"]
[EventRounds "9"]
[EventCountry "ESP"]
[Source "lmi"]
[SourceDate "2006.12.01"]

1. d4 Nf6 2. Nf3 d5 3. Bf4 c5 4. e3 Qb6 5. Qc1 Nc6 6. c3 Bf5 7. Nbd2 Rc8 8. Be2
e6 9. O-O Be7 10. dxc5 Bxc5 11. Nb3 Be7 12. Nbd4 Bg6 13. Ne5 Nxe5 14. Bxe5 O-O
15. a4 a5 16. Nb5 Nd7 17. Bg3 Nc5 18. Qd1 Bf6 19. Re1 Rfd8 20. f3 e5 21. Bf2
Qe6 22. Bf1 Be7 23. Na7 Rc7 24. Nb5 Rcd7 25. Nd4 Qb6 26. Nb5 Bh5 27. b3 Ne4 28.
Qc2 Nxf2 29. Qxf2 Bc5 30. Kh1 Bg6 31. Rad1 Qf6 32. Qd2 Bh5 33. Rc1 Qh4 34. f4
exf4 35. exf4 Bf2 36. h3 Bg3 37. Qe3 f6 38. Nd4 Bxf4 39. Qe6+ Bf7 40. Nf5 Bxe6
41. Nxh4 Bxc1 42. Rxc1 d4 43. Bb5 Rc7 44. c4 g5 45. Nf3 g4 46. hxg4 Bxg4 47.
Nd2 Re7 48. c5 d3 49. Rb1 Re2 50. Rb2 Kf8 51. Kh2 Bf5 52. c6 bxc6 53. Bxc6 Rc8
0-1

[Event "Benidorm 2006 - sub2300"]
[Site "Benidorm ESP"]
[Date "2006.12.09"]
[Round "9.2"]
[White "Urukalovic, Roman"]
[Black "Rodriguez Fontecha, Marcos"]
[Result "0-1"]
[WhiteElo "2289"]
[BlackElo "2200"]
[PlyCount "97"]
[EventDate "2006.12.01"]
[EventType "swiss"]
[EventRounds "9"]
[EventCountry "ESP"]
[Source "lmi"]
[SourceDate "2006.12.01"]

1. e4 e6 2. d4 d5 3. Nd2 c5 4. exd5 Qxd5 5. dxc5 Nf6 6. Ngf3 Bxc5 7. Bd3 Nc6 8.
O-O O-O 9. Bc4 Qh5 10. Re1 e5 11. c3 Bf5 12. b4 Bb6 13. b5 e4 14. bxc6 Ng4 15.
Rf1 Rad8 16. h3 Nxf2 17. Rxf2 e3 18. Qf1 exf2+ 19. Kh1 bxc6 20. Nd4 Rfe8 21.
Qxf2 Be6 22. Be2 Qg6 23. N2f3 Bd5 24. Bb2 Rd7 25. a3 Rde7 26. Qf1 c5 27. Bd3
Qh5 28. Nf5 Rc7 29. g4 Qg5 30. c4 Bc6 31. Kg1 Qf4 32. Ne5 Qd2 33. Nxc6 Qxb2 34.
Re1 Rf8 35. Nfe7+ Kh8 36. Qf5 g6 37. Qf4 Rd7 38. Qh6 Qg7 39. Qxg7+ Kxg7 40. Nd5
Rd6 41. Ne5 Ba5 42. Rb1 Re8 43. Nf3 Rxd5 44. cxd5 Re3 45. Rb5 Bb6 46. Bf1 Rxf3
47. a4 c4+ 48. Kg2 Rf2+ 49. Kg3 0-1

[Event "Benidorm 2006 - sub2300"]
[Site "Benidorm ESP"]
[Date "2006.12.09"]
[Round "9.3"]
[White "Avila Jimenez, Javier"]
[Black "Bolado Saez, Sergio"]
[Result "0-1"]
[WhiteElo "2222"]
[BlackElo "2297"]
[PlyCount "110"]
[EventDate "2006.12.01"]
[EventType "swiss"]
[EventRounds "9"]
[EventCountry "ESP"]
[Source "lmi"]
[SourceDate "2006.12.01"]

1. d4 Nf6 2. c4 g6 3. Nc3 Bg7 4. e4 d6 5. f4 O-O 6. Nf3 c5 7. d5 e6 8. dxe6
Bxe6 9. Bd3 Nc6 10. f5 Bc8 11. O-O h6 12. Qe1 Nd4 13. Nxd4 cxd4 14. Nd5 Nxd5
15. exd5 Bxf5 16. Bxf5 gxf5 17. Qg3 Qf6 18. Bf4 Rad8 19. Rae1 Rd7 20. b3 a6 21.
a4 Kh8 22. Qd3 Qg6 23. Rf3 Rdd8 24. Re7 b6 25. Rg3 Qf6 26. Qe2 Qh4 27. Bd2 a5
28. Rh3 Qf6 29. Bf4 Kh7 30. Kf1 Rg8 31. Rf3 Rgf8 32. Bd2 Qg6 33. Qd3 Rde8 34.
Rxe8 Rxe8 35. Rxf5 Kg8 36. Rf3 Re4 37. Rg3 Qf6+ 38. Qf3 Qxf3+ 39. Rxf3 Be5 40.
h3 Kg7 41. g4 Kg6 42. Kf2 Bf6 43. Rf5 Bg5 44. Bxg5 hxg5 45. Rf3 Rf4 46. Rxf4
gxf4 47. h4 Kf6 48. Ke2 Kg6 49. Kf2 d3 50. Kf3 Kf6 51. Kf2 Ke5 52. h5 Kf6 53.
Kf3 Kg5 54. Kf2 f5 55. gxf5 Kxh5 0-1

[Event "Benidorm 2006 - sub2300"]
[Site "Benidorm ESP"]
[Date "2006.12.09"]
[Round "9.5"]
[White "Sanchez Botella, Luis Javier"]
[Black "Perez, Yosvany"]
[Result "0-1"]
[WhiteElo "2210"]
[BlackElo "2293"]
[PlyCount "104"]
[EventDate "2006.12.01"]
[EventType "swiss"]
[EventRounds "9"]
[EventCountry "ESP"]
[Source "lmi"]
[SourceDate "2006.12.01"]

1. d4 d5 2. c4 e6 3. Nc3 c5 4. e3 Nf6 5. Nf3 Nc6 6. a3 a6 7. dxc5 Bxc5 8. b4
Ba7 9. Bb2 O-O 10. c5 Re8 11. Be2 e5 12. O-O Bf5 13. Re1 Qd7 14. Qb3 Rad8 15.
Rad1 e4 16. Nd4 Ne5 17. Rd2 Bg4 18. Bf1 Bb8 19. Nce2 Nd3 20. Ra1 h5 21. Nc1 Ne5
22. Nce2 h4 23. Qc3 Nc4 24. Rc2 Qc7 25. g3 Bd7 26. a4 Qe5 27. Nf4 Nxb2 28. Qxb2
g5 29. Nfe2 Ng4 30. Qc3 Qh8 31. h3 hxg3 32. fxg3 Ne5 33. g4 Nxg4 34. Bg2 Bh2+
35. Kh1 Be5 36. Rf1 Qh4 37. Kg1 Bh2+ 38. Kh1 Be5 39. Kg1 Nh2 40. Rf2 Bxh3 41.
Bxh3 Nf3+ 42. Nxf3 exf3 43. Nd4 Qxh3 44. Rh2 Bxh2+ 45. Rxh2 f2+ 46. Rxf2 Rxe3
47. Qd2 Rg3+ 48. Rg2 Re8 49. Nf3 Qxg2+ 50. Qxg2 Rxg2+ 51. Kxg2 f6 52. Kf2 Re4
0-1

[Event "Benidorm 2006 - sub2300"]
[Site "Benidorm ESP"]
[Date "2006.12.09"]
[Round "9.6"]
[White "Madina, Martin"]
[Black "Perez Lopez, Jesus M"]
[Result "0-1"]
[WhiteElo "2262"]
[BlackElo "2212"]
[PlyCount "82"]
[EventDate "2006.12.01"]
[EventType "swiss"]
[EventRounds "9"]
[EventCountry "ESP"]
[Source "lmi"]
[SourceDate "2006.12.01"]

1. d4 Nf6 2. Nf3 g6 3. Bg5 Bg7 4. Nbd2 O-O 5. e3 d6 6. Be2 b6 7. O-O Bb7 8. c4
Nbd7 9. Qc2 e6 10. h3 Qe8 11. e4 e5 12. d5 a5 13. b3 Nh5 14. Nh2 Nf4 15. Rfe1
h6 16. Bh4 f5 17. Bf1 g5 18. Bg3 Nxh3+ 19. gxh3 f4 20. Be2 Nc5 21. Nhf1 Bc8 22.
Kg2 h5 23. f3 Qd7 24. Bf2 Qxh3+ 25. Kg1 g4 26. Bxc5 bxc5 27. Bd1 g3 28. Re2 h4
29. Nb1 Qd7 30. Nc3 Rf6 31. Rb1 h3 32. Nh2 Rg6 33. Kf1 Bf6 34. Rd2 gxh2 35.
Rxh2 Bh4 36. Rb2 Qg7 37. Qc1 Rg1+ 38. Ke2 Qg3 39. Kd3 Rg2 40. Rh1 Bg4 41. Rd2
Bxf3 0-1

[Event "Benidorm 2006 - sub2300"]
[Site "Benidorm ESP"]
[Date "2006.12.09"]
[Round "9.7"]
[White "Murcia Paredes, Angel"]
[Black "Peña, Alfredo"]
[Result "0-1"]
[WhiteElo "2180"]
[BlackElo "2274"]
[PlyCount "118"]
[EventDate "2006.12.01"]
[EventType "swiss"]
[EventRounds "9"]
[EventCountry "ESP"]
[Source "lmi"]
[SourceDate "2006.12.01"]

1. e4 e5 2. Nf3 Nc6 3. Bb5 a6 4. Ba4 Nf6 5. O-O Be7 6. Re1 b5 7. Bb3 d6 8. c3
O-O 9. h3 Nb8 10. d4 Nbd7 11. Nbd2 Bb7 12. a4 c5 13. d5 c4 14. Bc2 Re8 15. Nf1
Bf8 16. Ng3 g6 17. Be3 h6 18. Nh2 Nc5 19. Bxc5 dxc5 20. Ng4 h5 21. Nh2 Bh6 22.
Nf3 Qb6 23. Qe2 Qc7 24. Nf1 Bf4 25. Ne3 Kg7 26. g3 Bh6 27. Nh4 Qd7 28. Kg2 Kh7
29. Qf3 Bg5 30. Kh2 Reb8 31. Qg2 Qe7 32. Nf3 Bh6 33. Nh4 Ne8 34. Qf1 Nd6 35.
Neg2 Bg5 36. Nf3 Bf6 37. Nd2 Bc8 38. axb5 axb5 39. Ne3 h4 40. Ng4 Bxg4 41. hxg4
Kg7 42. Kg2 Qd7 43. Qe2 hxg3 44. fxg3 Rh8 45. Rf1 Bg5 46. Rxa8 Rxa8 47. Nf3
Qxg4 48. Qf2 Rh8 49. Nxg5 Qxg5 50. Qxc5 Qd2+ 51. Rf2 Qc1 52. Kf3 Qh1+ 53. Ke3
Qe1+ 54. Kf3 g5 55. Qxd6 g4+ 56. Kxg4 Qxf2 57. Qxe5+ f6 58. Qe7+ Kg6 59. e5+
f5+ 0-1

[Event "Benidorm 2006 - sub2300"]
[Site "Benidorm ESP"]
[Date "2006.12.09"]
[Round "9.8"]
[White "Ballesteros Gonzalez, David"]
[Black "Padilla, Hugo"]
[Result "0-1"]
[WhiteElo "2217"]
[BlackElo "2195"]
[PlyCount "65"]
[EventDate "2006.12.01"]
[EventType "swiss"]
[EventRounds "9"]
[EventCountry "ESP"]
[Source "lmi"]
[SourceDate "2006.12.01"]

1. d4 Nf6 2. Nf3 c5 3. d5 e6 4. c4 exd5 5. cxd5 d6 6. Nc3 g6 7. e4 Bg7 8. Be2
O-O 9. O-O Re8 10. Qc2 Nbd7 11. h3 a6 12. a4 Qe7 13. Re1 Ne5 14. Be3 Nxf3+ 15.
Bxf3 Nd7 16. a5 Ne5 17. Be2 g5 18. Qd2 h6 19. f4 gxf4 20. Bxf4 Qf6 21. Rf1 Qg6
22. Kh1 f5 23. Rae1 fxe4 24. Qd1 Bf5 25. Bh5 Qh7 26. Bxe8 Rxe8 27. Qa4 Rf8 28.
Bxe5 Bxe5 29. g4 Bg6 30. Rxf8+ Kxf8 31. Nxe4 Qf7 32. Qd1 Qf4 33. Qc2 0-1